000 00421nam a2200181Ia 4500
001 22560
005 20260414150839.0
008 260414t2011||||xx |||||||||||||| ||spa||
041 _aESP
082 _a621.382
_bM81
100 _aMolisch, Andreas
_eAUT
245 0 _aWireless communications
_b
260 _c2011
300 _a827 páginas :
_c24 cm.
650 _aTCA
654 _aCET
942 _cLIB
_dJUS
_fJUS
_2ddc
_n
999 _c22560
_d22560